000
00174nam a22000857a 4500
082
_a
K890
245
_a
VYAKTITV VIKAAS - HINDI - PART 3 - CHILDREN
300
_a
80P
942
_c
BK
999
_c
7320
_d
7320